Thermal pretreatment of low-grade solid fuel; Solid Fuel Chemistry; Vol. 49, iss. 5
| Parent link: | Solid Fuel Chemistry Vol. 49, iss. 5.— 2015.— [Р. 267-273] |
|---|---|
| मुख्य लेखक: | |
| निगमित लेखक: | |
| अन्य लेखक: | , |
| सारांश: | Title screen Experimental data on the thermal treatment of low-grade stock in Tomsk oblast are reported. The material balances and the characteristics of the main products were obtained. A thermal engineering process for the conversion of low-grade stock into composite solid fuel was proposed. The process parameters of the drying of composite fuel and the possibility of waterproofing by the supporting of pyrolytic tar onto its surface were studied. The optimum parameters of the supporting of pyrolytic tar were found in order to ensure complete fuel waterproofing. Режим доступа: по договору с организацией-держателем ресурса |
| भाषा: | अंग्रेज़ी |
| प्रकाशित: |
2015
|
| विषय: | |
| ऑनलाइन पहुंच: | http://dx.doi.org/10.3103/S0361521915050109 |
| स्वरूप: | इलेक्ट्रोनिक पुस्तक अध्याय |
| KOHA link: | https://koha.lib.tpu.ru/cgi-bin/koha/opac-detail.pl?biblionumber=644063 |
MARC
| LEADER | 00000nla0a2200000 4500 | ||
|---|---|---|---|
| 001 | 644063 | ||
| 005 | 20250303161054.0 | ||
| 035 | |a (RuTPU)RU\TPU\network\9110 | ||
| 090 | |a 644063 | ||
| 100 | |a 20151026d2015 k||y0rusy50 ba | ||
| 101 | 0 | |a eng | |
| 102 | |a US | ||
| 135 | |a drcn ---uucaa | ||
| 181 | 0 | |a i | |
| 182 | 0 | |a b | |
| 200 | 1 | |a Thermal pretreatment of low-grade solid fuel |f R. B. Tabakaev, A. V. Kazakov, A. S. Zavorin | |
| 203 | |a Text |c electronic | ||
| 300 | |a Title screen | ||
| 320 | |a [References: p. 273 (20 tit.)] | ||
| 330 | |a Experimental data on the thermal treatment of low-grade stock in Tomsk oblast are reported. The material balances and the characteristics of the main products were obtained. A thermal engineering process for the conversion of low-grade stock into composite solid fuel was proposed. The process parameters of the drying of composite fuel and the possibility of waterproofing by the supporting of pyrolytic tar onto its surface were studied. The optimum parameters of the supporting of pyrolytic tar were found in order to ensure complete fuel waterproofing. | ||
| 333 | |a Режим доступа: по договору с организацией-держателем ресурса | ||
| 461 | |t Solid Fuel Chemistry | ||
| 463 | |t Vol. 49, iss. 5 |v [Р. 267-273] |d 2015 | ||
| 610 | 1 | |a электронный ресурс | |
| 610 | 1 | |a труды учёных ТПУ | |
| 610 | 1 | |a твердое топливо | |
| 610 | 1 | |a термическая подготовка | |
| 610 | 1 | |a пиролиз | |
| 700 | 1 | |a Tabakaev |b R. B. |c specialist in the field of heat and power engineering |c researcher of Tomsk Polytechnic University, Candidate of Sciences |f 1986- |g Roman Borisovich |3 (RuTPU)RU\TPU\pers\32988 |9 16833 | |
| 701 | 1 | |a Kazakov |b A. V. |c specialist in the field of power engineering |c Associate Professor of Tomsk Polytechnic University, Candidate of technical sciences |f 1976- |g Aleksandr Vladimirovich |3 (RuTPU)RU\TPU\pers\34185 | |
| 701 | 1 | |a Zavorin |b A. S. |c specialist in the field of Steam Generator Systems and Engineering |c Doctor of Technical Sciences, Professor of Tomsk Polytechnic University (TPU) |f 1946- |g Aleksandr Sergeevich |3 (RuTPU)RU\TPU\pers\32484 | |
| 712 | 0 | 2 | |a Национальный исследовательский Томский политехнический университет (ТПУ) |b Энергетический институт (ЭНИН) |b Кафедра парогенераторостроения и парогенераторных установок (ПГС и ПГУ) |3 (RuTPU)RU\TPU\col\18681 |
| 801 | 2 | |a RU |b 63413507 |c 20170908 |g RCR | |
| 856 | 4 | |u http://dx.doi.org/10.3103/S0361521915050109 | |
| 942 | |c CF | ||